000 00958nam a22001937a 4500
005 20241218120357.0
010 _aDEC24UP HIN-128955
020 _c340.00
_a9788197245916
035 _aHN-101301
037 _bDBAD/PUB
082 _a000
100 _aगुप्ता
_975329
245 _aउपकार अखिल भारतीय सैनिक स्कूल प्रवेश परीक्षा:
_b(कक्षा-VI में प्रवेश के लिए)/
_cगुप्ता एवं रॉय
260 _aआगरा
_bउपकार प्रकाशन
_c2025
270 _a1 स्टेट बैंक कॉलोनी, निकट खन्दारी, आगरा-मथुरा बाई-पास,
_bआगरा
_e282005
_mcare@upkar.in
300 _aviii, 324 पृ
_c27 सेमी (अजिल्द)
700 _aरॉय
_975304
942 _2ddc
_cHN
_h000
_mगुप्ता
999 _c207774
_d207774